| 000 | 00727nam a2200241 a 4500 | ||
|---|---|---|---|
| 003 | AR-BaBNM | ||
| 005 | 20251128203446.0 | ||
| 008 | 082120s2002 ||||||||||||||000 | spa|| | ||
| 040 | _cAR-BaBNM | ||
| 100 | 1 | _aIglesia, Ramón | |
| 245 | 0 | 0 |
_aCronistas e historiadores de la conquista de México _bel ciclo de Hernán Cortés |
| 260 |
_aMéxico, D.F. _bFondo de Cultura Económica _c1942 |
||
| 300 | _a289 p. | ||
| 500 | _aContiene apéndice para consultar p. 225-287 | ||
| 650 | 4 | _aPERIODO HISPANICO | |
| 650 | 4 | _aHISTORIA LATINOAMERICANA | |
| 650 | 4 | _aHISTORIA ECONOMICA | |
| 650 | 4 | _aHISTORIA SOCIAL | |
| 650 | 4 | _aHISTORIA POLITICA | |
| 650 | 4 | _aINSTITUCIONES HISPANOAMERICANAS | |
| 942 | _cBK | ||
| 998 | _cmariana | ||
| 999 |
_c3483 _d3483 |
||